[Event "Howell (US Am N/3/50)"]
[Site "?"]
[Date "1996.??.??"]
[Round "?"]
[White "Spencer, Tyrone"]
[Black "Robinson, Erik"]
[Result "0-1"]
[WhiteElo "1605"]
[BlackElo "1605"]
[PlyCount "56"]
[EventDate "1996.??.??"]

{3/(50)} 1. e4 Nf6 2. e5 Nd5 3. Bc4 Nb6 4. Na3 Nc6 5. Nf3 d5 6. exd6 exd6 7.
Qe2+ Qe7 8. Qxe7+ Bxe7 9. d3 h6 10. O-O Bg4 11. Nb5 Rc8 12. h3 Bxf3 13. gxf3
Ne5 14. Nxa7 Rd8 15. Bb5+ c6 16. d4 Nxf3+ 17. Kh1 cxb5 18. Nxb5 Bg5 19. Nc7+
Kd7 20. Bxg5 hxg5 21. Kg2 Nxd4 22. Rad1 Ne2 23. Rfe1 Nf4+ 24. Kf3 Kxc7 25. Re7+
Rd7 26. Re3 Nbd5 27. Rb3 f5 28. c4 Rxh3# 0-1

[Event "Howell (US Am N/5/45)"]
[Site "?"]
[Date "1996.??.??"]
[Round "?"]
[White "Spencer, Tyrone"]
[Black "Dumas, Steve"]
[Result "0-1"]
[WhiteElo "1605"]
[BlackElo "1605"]
[PlyCount "60"]
[EventDate "1996.??.??"]

{5/(45)} 1. e4 e6 2. Nf3 d5 3. e5 a6 4. d3 h6 5. d4 Nd7 6. Nc3 c6 7. Bd3 b5 8.
O-O Bb7 9. Qe2 Qc7 10. Nh4 O-O-O 11. Bd2 g5 12. Nf3 Be7 13. Rab1 f5 14. exf6
Bxf6 15. Qxe6 Kb8 16. g3 Bc8 17. Qe2 Ne7 18. Be3 Rde8 19. g4 h5 20. gxh5 Rxh5
21. Rfd1 Reh8 22. Kf1 Nf8 23. Ke1 Bg4 24. b4 Rxh2 25. a4 R8h3 26. axb5 Bxf3 27.
Qxf3 Rxf3 28. bxa6 Rxe3+ 29. fxe3 Qg3+ 30. Kf1 Qf2# 0-1

[Event "Howell (US Am N/1/53)"]
[Site "?"]
[Date "1996.??.??"]
[Round "?"]
[White "Spencer, Tyrone"]
[Black "Beckwith, Stan"]
[Result "0-1"]
[WhiteElo "1605"]
[BlackElo "1885"]
[PlyCount "30"]
[EventDate "1996.??.??"]

{1/(53)} 1. e4 c5 2. Bc4 e6 3. Nf3 d6 4. d3 Nc6 5. Ng5 Nf6 6. O-O h6 7. Bb5
hxg5 8. Bxc6+ bxc6 9. Bxg5 Be7 10. Bxf6 Bxf6 11. Nd2 d5 12. exd5 cxd5 13. c3
Qc7 14. Qa4+ Bd7 15. Qg4 Qxh2# 0-1

[Event "Detroit (Class C/5/3)"]
[Site "?"]
[Date "1996.??.??"]
[Round "?"]
[White "Spencer, Gordon"]
[Black "Wright, Ken"]
[Result "0-1"]
[WhiteElo "1605"]
[BlackElo "1605"]
[PlyCount "46"]
[EventDate "1996.??.??"]

{5/(3)} 1. Nf3 Nf6 2. b3 Nc6 3. Bb2 d6 4. g3 Bg4 5. Bg2 Bxf3 6. Bxf3 e6 7. O-O
Be7 8. d3 h5 9. Nd2 g5 10. Bxc6+ bxc6 11. f3 Rh6 12. Kf2 g4 13. f4 Kd7 14. e3
h4 15. Rh1 Qh8 16. Ke2 hxg3 17. hxg3 Rh2+ 18. Rxh2 Qxh2+ 19. Ke1 Qxg3+ 20. Ke2
Rh8 21. Nf1 Qg2+ 22. Ke1 Nd5 23. Bxh8 Bh4+ 0-1

[Event "Detroit (Class C/3/5)"]
[Site "?"]
[Date "1996.??.??"]
[Round "?"]
[White "Spencer, Gordon"]
[Black "Raupp, Kenneth A"]
[Result "0-1"]
[WhiteElo "1605"]
[BlackElo "1605"]
[PlyCount "90"]
[EventDate "1996.??.??"]

{3/(5)} 1. Nf3 e6 2. b3 f5 3. Bb2 Nf6 4. e3 d6 5. Be2 Nbd7 6. O-O Be7 7. Nc3 e5
8. d3 O-O 9. Nd2 Nc5 10. f4 e4 11. d4 Ne6 12. h3 Bd7 13. Kh1 Kh8 14. d5 Nc5 15.
b4 Na6 16. a3 Rg8 17. Rg1 Qf8 18. Nf1 g5 19. Nb5 gxf4 20. exf4 Qh6 21. Qd2 Rg7
22. Kh2 Bxb5 23. Bxb5 Ng4+ 24. Kh1 Bf6 25. Ra2 Bxb2 26. Rxb2 Rag8 27. Nh2 Nf6
28. c3 Qxh3 29. Rbb1 Qh6 30. Be2 Nb8 31. Rbf1 Nbd7 32. Qc2 Nxd5 33. Bc4 Ne3 34.
Qe2 Nxf1 35. Qxf1 Nf6 36. g4 Nxg4 37. Rxg4 Rxg4 38. Bxg8 Rxg8 39. Qf2 b6 40. b5
Qh3 41. Qd2 Qd3 42. Qb2 Qd1+ 43. Nf1 Qxf1+ 44. Kh2 Qg1+ 45. Kh3 Qg3# 0-1

[Event "Detroit (Class C/1/6)"]
[Site "?"]
[Date "1996.??.??"]
[Round "?"]
[White "Spencer, Gordon"]
[Black "Martell, Raul"]
[Result "1-0"]
[WhiteElo "1605"]
[BlackElo "1605"]
[PlyCount "113"]
[EventDate "1996.??.??"]

{1/(6)} 1. Nf3 d5 2. c4 Nf6 3. cxd5 Nxd5 4. b3 Nc6 5. Bb2 Bf5 6. d3 Bg4 7. Nbd2
e6 8. g3 Bxf3 9. Nxf3 Bb4+ 10. Nd2 Bc3 11. Bxc3 Nxc3 12. Qc2 Qf6 13. Rc1 Nd5
14. Nb1 O-O 15. Bg2 Ncb4 16. Qd2 Na6 17. O-O Rfd8 18. a3 Rd7 19. Rc2 Rad8 20.
Rfc1 b6 21. Rc6 Ne7 22. R6c4 c5 23. Nc3 Rd4 24. Nb5 Rxc4 25. Rxc4 Nb8 26. Nxa7
Qa1+ 27. Qc1 Qa2 28. Qc2 Qa1+ 29. Bf1 Nbc6 30. Nxc6 Nxc6 31. Qc1 Qa2 32. b4 Nd4
33. Qg5 f6 34. Qe3 Qxa3 35. bxc5 bxc5 36. Bh3 e5 37. Kg2 Qa7 38. f4 Qb7+ 39.
Kf2 Qe7 40. Bg2 Rb8 41. Qe4 Rd8 42. Ra4 Qc7 43. Ra8 Rxa8 44. Qxa8+ Kf7 45. Bd5+
Kg6 46. Qe8+ Kh6 47. g4 g6 48. Qf8+ Qg7 49. g5+ fxg5 50. fxg5+ Kxg5 51. Qxg7 h5
52. Qxe5+ Kh6 53. h4 g5 54. Qxg5+ Kh7 55. Bg8+ Kh8 56. Qg6 Nxe2 57. Qh7# 1-0

[Event "Howell (US Am N/3/19)"]
[Site "?"]
[Date "1996.??.??"]
[Round "?"]
[White "Sparks, Frazier"]
[Black "Vorhauer, Sam"]
[Result "1-0"]
[WhiteElo "1815"]
[BlackElo "1605"]
[PlyCount "57"]
[EventDate "1996.??.??"]

{3/(19)} 1. e4 c5 2. c3 e5 3. Nf3 d6 4. d4 cxd4 5. cxd4 Qc7 6. Nc3 Nf6 7. Bg5
a6 8. Rc1 Qa5 9. Bxf6 gxf6 10. Be2 Nc6 11. O-O Ne7 12. Qb3 Rg8 13. Bc4 Rg7 14.
Kh1 exd4 15. Nd5 Nxd5 16. Bxd5 Qd8 17. Nxd4 Be7 18. Rc3 Kf8 19. Rfc1 Bd7 20.
Nf5 Bxf5 21. exf5 Kg8 22. Rc7 h6 23. Bxb7 Kh7 24. Bxa8 Qxa8 25. Qb7 Qxb7 26.
Rxb7 Bd8 27. Rc8 Rg8 28. Rbb8 Bc7 29. Rxg8 1-0

[Event "Howell (US Am N/1/51)"]
[Site "?"]
[Date "1996.??.??"]
[Round "?"]
[White "Sparks, Frazier"]
[Black "Smith, Walt"]
[Result "0-1"]
[WhiteElo "1875"]
[BlackElo "2045"]
[PlyCount "56"]
[EventDate "1996.??.??"]

{1/(51)} 1. e4 c5 2. c3 Nf6 3. e5 Nd5 4. Nf3 d6 5. Bb5+ Bd7 6. Bc4 Nc7 7. O-O
d5 8. Be2 g6 9. d4 Ne6 10. Be3 cxd4 11. cxd4 Bg7 12. Nc3 Bc6 13. Qd2 Qb6 14.
Rac1 O-O 15. Rc2 f6 16. Rd1 Nd7 17. Nh4 fxe5 18. dxe5 d4 19. Bc4 dxe3 20. Bxe6+
Kh8 21. fxe3 Nxe5 22. Bb3 Ng4 23. Re1 Rad8 24. Qe2 Nxe3 25. Kh1 Nxc2 26. Qxc2
Qe3 27. Rg1 Rd2 28. Qc1 Rff2 0-1

[Event "Howell (US Am N/5/8)"]
[Site "?"]
[Date "1996.??.??"]
[Round "?"]
[White "Sparks, Frazier"]
[Black "Helle, Frank"]
[Result "0-1"]
[WhiteElo "1875"]
[BlackElo "2025"]
[PlyCount "142"]
[EventDate "1996.??.??"]

{5/(8)} 1. e4 c5 2. c3 Nf6 3. e5 Nd5 4. d4 cxd4 5. Qxd4 e6 6. Nf3 Nc6 7. Qg4 g6
8. Bc4 Nb6 9. Bg5 Be7 10. Bxe7 Qxe7 11. Bb3 d5 12. O-O Nd7 13. Re1 O-O 14. Nbd2
b6 15. Re3 Ba6 16. Rae1 Rac8 17. Ng5 h5 18. Qg3 d4 19. Re4 dxc3 20. bxc3 Kg7
21. Rh4 Ncxe5 22. Rxh5 Nf6 23. Rh4 Qc5 24. Qxe5 Qxe5 25. Rxe5 Rxc3 26. Re1 Re8
27. Nge4 Nxe4 28. Rhxe4 Rd8 29. Nf3 Bb7 30. Re5 Bxf3 31. gxf3 Rxf3 32. Kg2 Rc3
33. R5e4 Rd7 34. R1e2 Rc5 35. Bxe6 fxe6 36. Rxe6 Rf7 37. Re8 Rg5+ 38. Kf1 Rgf5
39. R8e6 g5 40. Kg2 R5f6 41. R6e5 Kg6 42. Rd2 a6 43. Red5 b5 44. Kf1 g4 45. Kg2
Rf5 46. R5d4 Kg5 47. Re2 a5 48. Red2 b4 49. R4d3 Rf4 50. Rd8 R7f6 51. Ra8 R4f5
52. Ra7 Kf4 53. Rd4+ Ke5 54. Rd2 Ke4 55. Rad7 Kf4 56. R7d4+ Kg5 57. Rd7 Rb5 58.
Ra7 Kf5 59. Kg3 Rc6 60. Rh7 Rc3+ 61. Kg2 Kg6 62. Rh8 a4 63. Re8 b3 64. Re6+ Kf5
65. Rdd6 b2 66. Rf6+ Ke4 67. Rde6+ Re5 68. Rb6 a3 69. Rb4+ Kd3 70. Rd6+ Kc2 71.
Rbd4 Kb1 0-1

[Event "Cadillac Open/1b/16"]
[Site "?"]
[Date "1996.??.??"]
[Round "?"]
[White "Spangler, Richard"]
[Black "Johnston, Rowland"]
[Result "0-1"]
[WhiteElo "1605"]
[BlackElo "1780"]
[PlyCount "96"]
[EventDate "1996.??.??"]

1. d4 Nf6 2. Nf3 e6 3. Bg5 h6 4. Bf4 b6 5. h3 Bb7 6. Nbd2 Be7 7. e3 O-O 8. Bd3
Nd5 9. Be4 f5 10. Bxd5 Bxd5 11. c4 Bb7 12. Qc2 d6 13. O-O-O Nd7 14. g4 e5 15.
Bh2 fxg4 16. c5 dxc5 17. dxe5 Qe8 18. Qc4+ Kh8 19. Qxg4 h5 20. Qg3 Qf7 21. Rhg1
Rg8 22. Ng5 Qg6 23. Nc4 Nf8 24. Nf3 Qxg3 25. Rxg3 h4 26. Nxh4 Bxh4 27. Rg4 Be7
28. Bf4 Bf3 29. Rdg1 Bxg4 30. hxg4 g5 31. Bh2 Ne6 32. f4 gxf4 33. exf4 Nd4 34.
Rg2 Raf8 35. Nd2 Rg7 36. g5 Nf5 37. Ne4 Rd8 38. Nf6 Bxf6 39. exf6 Rg6 40. Re2
Kg8 41. Kc2 Nd4+ 42. Kd3 Nxe2+ 43. Kxe2 Kf7 44. Kf3 Rd2 45. Bg3 Rxb2 46. Kg4
Rg2 47. f5 Rxg5+ 48. Kxg5 Rxg3+ 0-1

[Event "Cadillac Open/3/24"]
[Site "?"]
[Date "1996.??.??"]
[Round "?"]
[White "Spangler, Richard"]
[Black "Brooks, D."]
[Result "1-0"]
[WhiteElo "1605"]
[BlackElo "1605"]
[PlyCount "38"]
[EventDate "1996.??.??"]

{3/24} 1. e4 e5 2. Nf3 Nc6 3. d4 d6 4. Bc4 Bg4 5. Bxf7+ Kd7 6. Be3 Nf6 7. Nc3
Be7 8. Bb3 Na5 9. Qe2 c6 10. O-O-O Nxb3+ 11. axb3 Be6 12. dxe5 Ng4 13. Bc5 Kc7
14. exd6+ Bxd6 15. e5 b6 16. exd6+ Kb7 17. Qxe6 Nf6 18. Qf7+ Nd7 19. Ba3 Qf6
1-0

[Event "Ann Arbor (Mini-Swiss/1/11)"]
[Site "?"]
[Date "1996.??.??"]
[Round "?"]
[White "Solon, Nathan"]
[Black "Tack, K."]
[Result "1-0"]
[WhiteElo "1605"]
[BlackElo "1605"]
[PlyCount "57"]
[EventDate "1996.??.??"]

{1/(11)} 1. e4 e5 2. Nf3 Nc6 3. Bc4 Bc5 4. c3 d6 5. d4 exd4 6. cxd4 Bb4+ 7. Bd2
Bxd2+ 8. Qxd2 Nf6 9. Nc3 O-O 10. O-O h6 11. Rfe1 Re8 12. h3 a6 13. Qc2 b5 14.
Bb3 Na5 15. e5 Nxb3 16. axb3 dxe5 17. dxe5 Nd5 18. Nxb5 Bb7 19. Nbd4 c5 20.
Qxc5 Rc8 21. Qa5 Qd7 22. Rac1 Nf4 23. Qd2 Nxh3+ 24. gxh3 Qxh3 25. Qf4 Rc6 26.
Nxc6 Re6 27. Qg3 Qh5 28. Re3 Rg6 29. Ne7+ 1-0

[Event "Ann Arbor (Mini-Swiss/1/11)"]
[Site "?"]
[Date "1996.??.??"]
[Round "?"]
[White "Solon, Nathan"]
[Black "Silveri, J."]
[Result "1-0"]
[WhiteElo "1605"]
[BlackElo "1605"]
[PlyCount "99"]
[EventDate "1996.??.??"]

{1/(11)} 1. e4 c5 2. Nc3 d6 3. f4 Nd7 4. Nf3 g6 5. Bc4 Nb6 6. d3 Nxc4 7. dxc4
Bg7 8. Qd3 Nf6 9. O-O O-O 10. h3 a6 11. Be3 Bd7 12. a4 Qc8 13. Kh2 Qc7 14. Rfd1
Qc8 15. Nh4 Nh5 16. Nd5 Qd8 17. Nc3 e5 18. Nf3 exf4 19. Bf2 Bc6 20. Qxd6 Qxd6
21. Rxd6 Rfe8 22. Bxc5 Bf8 23. Rxc6 bxc6 24. Bxf8 Kxf8 25. Nd4 c5 26. Nb3 Re5
27. Rd1 Ng3 28. Re1 Rae8 29. Nd2 f5 30. Nf3 R5e6 31. e5 h6 32. h4 g5 33. hxg5
hxg5 34. Nd5 g4 35. Nxf4 gxf3 36. Nxe6+ Rxe6 37. Kxg3 fxg2 38. Kxg2 Rb6 39. b3
Rg6+ 40. Kf3 Rg4 41. e6 Ke7 42. Re5 Rd4 43. Rxf5 Kxe6 44. Rxc5 Kd6 45. Rd5+
Rxd5 46. cxd5 Kxd5 47. Ke3 Kc5 48. Kd3 Kb4 49. Kd4 Ka5 50. c4 1-0

[Event "Ann Arbor (Month Long Swiss/4/2)"]
[Site "?"]
[Date "1996.??.??"]
[Round "?"]
[White "Solon, Nathan"]
[Black "Meza, L."]
[Result "1-0"]
[WhiteElo "1605"]
[BlackElo "1810"]
[PlyCount "69"]
[EventDate "1996.??.??"]

{4/(2)} 1. e4 c5 2. Nc3 Nc6 3. f4 d6 4. Nf3 Nf6 5. Bb5 g6 6. O-O Bg7 7. e5 Nh5
8. Ng5 h6 9. Nxf7 Kxf7 10. g4 Nf6 11. exf6 Bxf6 12. Bxc6 bxc6 13. Ne4 Bd4+ 14.
Kh1 d5 15. Ng3 Qd7 16. f5 g5 17. c3 Be5 18. d4 Bxg3 19. hxg3 Qd6 20. Kg2 Rb8
21. b3 Bd7 22. Ba3 Rb5 23. Bxc5 Rxc5 24. dxc5 Qxc5 25. Qd4 Qxd4 26. cxd4 Rb8
27. Rh1 Kg7 28. Rae1 Re8 29. Kf3 a6 30. Re5 Bc8 31. f6+ Kg6 32. fxe7 c5 33.
dxc5 Bb7 34. Re6+ Kf7 35. Rhxh6 1-0

[Event "Ann Arbor (Mini-Swiss/2/7)"]
[Site "?"]
[Date "1996.??.??"]
[Round "?"]
[White "Solon, Nathan"]
[Black "Hill, Brad"]
[Result "1-0"]
[WhiteElo "1605"]
[BlackElo "1605"]
[PlyCount "132"]
[EventDate "1996.??.??"]

{2/(7)} 1. e4 c5 2. Nc3 e6 3. f4 d5 4. exd5 exd5 5. d4 Nf6 6. Nf3 Nc6 7. Bb5
Bd6 8. O-O O-O 9. Be3 Ng4 10. Qd2 Nxe3 11. Qxe3 cxd4 12. Nxd4 Bc5 13. Bxc6 Qb6
14. Rad1 bxc6 15. Na4 Qb4 16. Nxc5 Qxc5 17. Rd3 Qd6 18. Rfd1 Bg4 19. Re1 c5 20.
Nf3 Bf5 21. Rd2 Rac8 22. Qe5 Qxe5 23. Rxe5 Be6 24. f5 Bd7 25. Rdxd5 f6 26. Re3
Bc6 27. Rdd3 Bb5 28. Ra3 Rc7 29. Ra5 Bd7 30. Rc3 Rfc8 31. g4 Kf8 32. Re3 h5 33.
h3 Rb8 34. b3 g6 35. Nh4 gxf5 36. Nxf5 hxg4 37. hxg4 c4 38. Ra6 Rb6 39. Rxb6
axb6 40. b4 Bxf5 41. gxf5 Rc6 42. a4 Kf7 43. Kf2 Rd6 44. Ke2 Rd5 45. Rf3 Ke7
46. Ke3 Kd6 47. Ke4 Rd1 48. Rc3 Ra1 49. Rxc4 Rxa4 50. c3 Ra1 51. b5 Re1+ 52.
Kd3 Rd1+ 53. Ke2 Rd5 54. Rc6+ Ke5 55. Rxb6 Kxf5 56. c4 Rc5 57. Kd3 Ke5 58. Ra6
Rc8 59. b6 Rd8+ 60. Ke3 Rb8 61. Ra5+ Kd6 62. c5+ Kc6 63. Kf4 Rf8 64. Kf5 Rd8
65. Kxf6 Rf8+ 66. Ke5 Re8+ 1-0

[Event "Ann Arbor (Mini-Swiss/1)"]
[Site "?"]
[Date "1996.??.??"]
[Round "?"]
[White "Solon, Nathan"]
[Black "Foord, Allan"]
[Result "1-0"]
[WhiteElo "1605"]
[BlackElo "1605"]
[PlyCount "41"]
[EventDate "1996.??.??"]

1. e4 c5 2. Nf3 d6 3. d4 cxd4 4. Nxd4 Nf6 5. Nc3 a6 6. Be2 e6 7. f4 Be7 8. O-O
O-O 9. Be3 Qc7 10. Qe1 b5 11. a3 Bb7 12. Bf3 Nbd7 13. f5 Rac8 14. fxe6 Ne8 15.
exd7 Qxd7 16. Nf5 Bf6 17. Bd4 Be5 18. Bxe5 dxe5 19. Rd1 Qc7 20. Rf2 Qc4 21.
Ne7+ 1-0

[Event "Ann Arbor (Mini-Swiss/1/8)"]
[Site "?"]
[Date "1996.??.??"]
[Round "?"]
[White "Solon, Nathan"]
[Black "Boyle, John"]
[Result "1-0"]
[WhiteElo "1605"]
[BlackElo "1605"]
[PlyCount "53"]
[EventDate "1996.??.??"]

{1/(8)} 1. e4 c5 2. Nc3 d6 3. g3 Nf6 4. Bg2 g6 5. d3 Bg7 6. f4 O-O 7. Nf3 Nc6
8. O-O Bd7 9. Be3 Qc7 10. Nh4 Rab8 11. f5 b5 12. g4 b4 13. Nb1 Nxe4 14. dxe4
Bxb2 15. Nd2 Bxa1 16. Qxa1 Ne5 17. Ndf3 Nxg4 18. Bc1 c4 19. h3 Nf6 20. Bg5 c3
21. Bxf6 exf6 22. Qd1 Bb5 23. Rf2 g5 24. Nxg5 fxg5 25. f6 gxh4 26. Qg4+ Kh8 27.
Qg7# 1-0

[Event "Ann Arbor (Mini-Swiss/3)"]
[Site "?"]
[Date "1996.??.??"]
[Round "?"]
[White "Solon, Nathan"]
[Black "Bedy, N."]
[Result "1-0"]
[WhiteElo "1605"]
[BlackElo "1605"]
[PlyCount "43"]
[EventDate "1996.??.??"]

1. e4 d5 2. exd5 Nf6 3. d4 Bg4 4. Nf3 Qxd5 5. Nc3 Qd8 6. Bc4 e6 7. O-O Be7 8.
Re1 O-O 9. Be3 c6 10. Be2 Nbd7 11. Ng5 Bxe2 12. Qxe2 Nd5 13. Nge4 Nxe3 14. Qxe3
Nf6 15. Nxf6+ Bxf6 16. Rad1 Qb6 17. b3 Rad8 18. Ne2 Rfe8 19. c4 e5 20. c5 Qc7
21. Ng3 exd4 22. Qxe8+ 1-0

[Event "Jackson (Prison m)"]
[Site "?"]
[Date "1996.??.??"]
[Round "?"]
[White "Solarzano"]
[Black "Jendras, Gerard"]
[Result "0-1"]
[WhiteElo "1605"]
[BlackElo "1925"]
[PlyCount "76"]
[EventDate "1996.??.??"]

{10/5} 1. e4 e5 2. Nf3 Nc6 3. c3 Nf6 4. d3 Bc5 5. h3 d5 6. exd5 Nxd5 7. Be2 O-O
8. O-O a5 9. Bd2 Bf5 10. Ng5 Nf4 11. Bxf4 exf4 12. Nf3 Qf6 13. d4 Rad8 14. Nbd2
Be7 15. Qb3 Qg6 16. Kh1 b6 17. d5 Nb8 18. Bc4 Nd7 19. Rfe1 Nc5 20. Qd1 Bf6 21.
Nb3 Ne4 22. Re2 Nd6 23. Nbd2 Nxc4 24. Nxc4 Bd3 25. Nce5 Bxe2 26. Nxg6 Bxd1 27.
Nxf8 Bxf3 28. Nxh7 Kxh7 29. gxf3 Rxd5 30. Kg2 Rd2 31. h4 Bxh4 32. Rh1 g5 33.
Kh3 Rxf2 34. Kg4 Kg6 35. Rb1 f5+ 36. Kh3 Bg3 37. Rh1 Kh5 38. Rg1 Rh2# 0-1

[Event "Kalamazoo (Swiss/1/9)"]
[Site "?"]
[Date "1996.??.??"]
[Round "?"]
[White "Sokhanvari, S."]
[Black "Nolan, Matthew"]
[Result "1-0"]
[WhiteElo "1605"]
[BlackElo "1605"]
[PlyCount "65"]
[EventDate "1996.??.??"]

{1/(9)} 1. e4 c5 2. Nf3 d6 3. d4 cxd4 4. Nxd4 e5 5. Nf3 Nf6 6. Nc3 Nc6 7. Bc4
Bg4 8. h3 Bxf3 9. Qxf3 Nd4 10. Qd3 Be7 11. Bb5+ Nd7 12. O-O O-O 13. Bxd7 Qxd7
14. Be3 Bf6 15. Nd5 Qe6 16. Bxd4 exd4 17. Nc7 Qc8 18. Nxa8 Qxa8 19. f4 Re8 20.
Rf3 Qd8 21. Raf1 d5 22. e5 Bh4 23. Qxd4 f6 24. Qxa7 fxe5 25. fxe5 Rxe5 26. Qxb7
Bf6 27. a4 Re2 28. c3 Qa5 29. Qc8+ Kf7 30. Qd7+ Kg8 31. Rg3 Re7 32. Qc8+ Kf7
33. Rxf6+ 1-0

[Event "Kalamazoo (Swiss/3/7)"]
[Site "?"]
[Date "1996.??.??"]
[Round "?"]
[White "Sokhanvari, S."]
[Black "Engstrom, Nate"]
[Result "0-1"]
[WhiteElo "1605"]
[BlackElo "1605"]
[PlyCount "43"]
[EventDate "1996.??.??"]

{3/(7)} 1. e4 c5 2. Nf3 d6 3. d4 cxd4 4. Nxd4 Nf6 5. Nc3 g6 6. Bc4 Bg7 7. O-O
O-O 8. Be3 Nbd7 9. f3 Nc5 10. Qe2 Bd7 11. b4 Na4 12. Nxa4 Bxa4 13. Bb3 Bxb3 14.
axb3 b6 15. c4 Qc7 16. b5 Nd7 17. Rab1 a5 18. bxa6 Rxa6 19. c5 Raa8 20. cxd6
Qxd6 21. Rfd1 Rfc8 22. Nf5 0-1

[Event "Detroit (Class A/5/10)"]
[Site "?"]
[Date "1996.??.??"]
[Round "?"]
[White "Sobocinski, Mike"]
[Black "Turner, D."]
[Result "1-0"]
[WhiteElo "1965"]
[BlackElo "1900"]
[PlyCount "99"]
[EventDate "1996.??.??"]

{5/(10)} 1. d4 Nf6 2. c4 g6 3. Nc3 Bg7 4. e4 d6 5. Nf3 O-O 6. Be2 e5 7. O-O Nc6
8. d5 Ne7 9. Ne1 Ne8 10. Be3 f5 11. f3 f4 12. Bf2 h5 13. c5 g5 14. cxd6 cxd6
15. Rc1 a6 16. Na4 Ng6 17. Nb6 Bd7 18. Nxd7 Qxd7 19. Bb6 Rf7 20. a4 Rc8 21.
Rxc8 Qxc8 22. Nd3 Nf6 23. Qb3 g4 24. Rc1 Qe8 25. Rc4 gxf3 26. Bxf3 Nh4 27. Qc2
Nxf3+ 28. gxf3 Bf8 29. Kf1 Rg7 30. Ne1 Qg6 31. Ng2 Qg5 32. Bd8 h4 33. Qf2 h3
34. Nh4 Nxe4 35. Bxg5 Nxf2 36. Bh6 Rh7 37. Bxf8 Rxh4 38. Bxd6 Nd3 39. Rc8+ Kf7
40. Rc7+ Ke8 41. Rxb7 Rh6 42. Ba3 a5 43. Re7+ Kd8 44. Re6 Rh5 45. b3 Kd7 46.
Ke2 e4 47. fxe4 Ne5 48. Re7+ Kd8 49. Rg7 Rh4 50. Be7+ 1-0

[Event "Detroit (Class A/3/11)"]
[Site "?"]
[Date "1996.??.??"]
[Round "?"]
[White "Sobocinski, Mike"]
[Black "Triplett, Thomas"]
[Result "1/2-1/2"]
[WhiteElo "1965"]
[BlackElo "1915"]
[PlyCount "46"]
[EventDate "1996.??.??"]

{3/(11)} 1. d4 Nf6 2. c4 g6 3. Nc3 Bg7 4. e4 d6 5. Nf3 O-O 6. Be2 e5 7. O-O c5
8. dxe5 dxe5 9. Qxd8 Rxd8 10. Bg5 Nc6 11. Nd5 Rd6 12. Nd2 Nd4 13. Bd3 h6 14.
Nxf6+ Bxf6 15. Bxf6 Rxf6 16. Nb1 b6 17. Nc3 Bb7 18. Nd5 Rd6 19. Rad1 Rad8 20.
f4 exf4 21. Rxf4 Bxd5 22. cxd5 Re8 23. Rdf1 Re7 1/2-1/2

[Event "Ann Arbor (Month Long Swiss/4/1)"]
[Site "?"]
[Date "1996.??.??"]
[Round "?"]
[White "Sobocinski, Mike"]
[Black "Meza, Alex"]
[Result "1-0"]
[WhiteElo "1945"]
[BlackElo "1605"]
[PlyCount "97"]
[EventDate "1996.??.??"]

{4/(1)} 1. d4 d5 2. c4 e6 3. Nc3 Nf6 4. Bf4 dxc4 5. Qa4+ Nc6 6. Qxc4 Bd6 7.
Bxd6 cxd6 8. Nf3 O-O 9. e3 Qb6 10. Qb5 Qxb5 11. Bxb5 Bd7 12. O-O a6 13. Be2
Rac8 14. Rfd1 Ne7 15. Nd2 Bc6 16. Rac1 Rfd8 17. Nb3 Ned5 18. Na5 Nxc3 19. Rxc3
Bd5 20. Rdc1 Rxc3 21. Rxc3 Rb8 22. a3 Ne8 23. f3 e5 24. dxe5 dxe5 25. e4 Be6
26. Nc4 Bxc4 27. Rxc4 Nd6 28. Rc7 Rc8 29. Rd7 Ne8 30. Rxb7 Rc1+ 31. Kf2 Rc2 32.
Ke3 Rc6 33. Re7 Re6 34. Rxe6 fxe6 35. Bxa6 Nc7 36. Bc4 Kf8 37. f4 exf4+ 38.
Kxf4 Ke7 39. Ke5 g6 40. b4 h5 41. b5 Ne8 42. Bxe6 g5 43. b6 Nd6 44. Bd5 Nf7+
45. Bxf7 Kxf7 46. b7 g4 47. b8=Q g3 48. Qc7+ Kf8 49. Kf6 1-0

[Event "Detroit (MI Team/3/2/4)"]
[Site "?"]
[Date "1996.??.??"]
[Round "?"]
[White "Sobocinski, Mike"]
[Black "Iyer, Krishnan"]
[Result "1-0"]
[WhiteElo "1995"]
[BlackElo "1605"]
[PlyCount "55"]
[EventDate "1996.??.??"]

{3/2} 1. d4 d5 2. c4 Nc6 3. e3 e6 4. Nc3 Bb4 5. Nf3 Nf6 6. Bd3 O-O 7. O-O Bxc3
8. bxc3 dxc4 9. Bxc4 a6 10. a4 Ne4 11. Qc2 Nd6 12. Bd3 g6 13. e4 Ne7 14. Bh6
Re8 15. Bg5 Rf8 16. e5 Ndf5 17. Bxf5 exf5 18. Bf6 h6 19. Qd2 Kh7 20. Ng5+ Kg8
21. Ne6 fxe6 22. Qxh6 Rxf6 23. exf6 Qf8 24. fxe7 Qxh6 25. e8=Q+ Kh7 26. Rfe1
Qg5 27. Qf7+ Kh6 28. Re3 1-0

[Event "Detroit (Class A/1/4)"]
[Site "?"]
[Date "1996.??.??"]
[Round "?"]
[White "Sobocinski, Mike"]
[Black "Hater, David"]
[Result "0-1"]
[WhiteElo "1965"]
[BlackElo "1900"]
[PlyCount "154"]
[EventDate "1996.??.??"]

{1/(4)} 1. d4 Nf6 2. c4 g6 3. Nc3 d5 4. cxd5 Nxd5 5. e4 Nxc3 6. bxc3 c5 7. Nf3
Bg7 8. Bc4 Nc6 9. Bb2 cxd4 10. Nxd4 Qb6 11. Nxc6 Qxc6 12. Qe2 O-O 13. O-O Be6
14. Bb3 Rac8 15. Rac1 Rfd8 16. Rfd1 Rd7 17. Rxd7 Qxd7 18. Rd1 Qc6 19. Bd5 Qb6
20. Ba3 Rxc3 21. Bxe7 Qc7 22. Bg5 Rc2 23. Qb5 Bxd5 24. Qxd5 h6 25. Be3 b6 26.
g3 Kh7 27. Bf4 Qc5 28. Qxc5 bxc5 29. Rd7 Rxa2 30. Rxf7 Kg8 31. Rc7 Bd4 32. Be3
a5 33. e5 Bxe5 34. Rxc5 Bg7 35. Rc6 g5 36. Kf1 Ra1+ 37. Ke2 a4 38. Rc8+ Kh7 39.
Rc7 Ra2+ 40. Kd3 Kg6 41. Rc2 Rxc2 42. Kxc2 Kf5 43. f3 g4 44. f4 Ke4 45. Bc1 Kf3
46. Bb2 Bf8 47. f5 Kg2 48. Kd3 Kxh2 49. Be5 a3 50. f6 h5 51. Ke4 Kh3 52. f7 h4
53. gxh4 Kxh4 54. Ke3 Kh3 55. Kf2 Bc5+ 56. Kf1 g3 57. Bd4 g2+ 58. Ke2 Bf8 59.
Kd3 Kh2 60. Kc2 g1=Q 61. Bxg1+ Kxg1 62. Kb3 Kf2 63. Kc3 Ke3 64. Kc2 Kd4 65. Kb3
Kd3 66. Ka2 Kc4 67. Ka1 Kb3 68. Kb1 a2+ 69. Kc1 a1=Q+ 70. Kd2 Kc4 71. Ke3 Qd4+
72. Ke2 Qc3 73. Kd1 Qb2 74. Ke1 Kd3 75. Kf1 Ke3 76. Kg1 Kf3 77. Kh1 Qg2# 0-1

[Event "Detroit (MI Team/1/2/4)"]
[Site "?"]
[Date "1996.??.??"]
[Round "?"]
[White "Sobocinski, Mike"]
[Black "Goerke, Daniel"]
[Result "1-0"]
[WhiteElo "1995"]
[BlackElo "1605"]
[PlyCount "75"]
[EventDate "1996.??.??"]

{1/2} 1. d4 Nc6 2. Nf3 d6 3. g3 Bg4 4. Bg2 Bxf3 5. Bxf3 e5 6. c3 g6 7. O-O Nf6
8. dxe5 dxe5 9. Qa4 Qd7 10. Rd1 Qe6 11. Bg5 Bg7 12. Nd2 O-O 13. Nb3 h6 14. Nc5
Qe8 15. Bxf6 Bxf6 16. Nd7 Ne7 17. Nxf6+ Kg7 18. Nxe8+ Raxe8 19. Bxb7 Rb8 20.
Qxa7 Nf5 21. Rd7 Rfd8 22. Rxc7 Rf8 23. Bd5 Nd6 24. b3 Ra8 25. Qc5 Rad8 26. a4
Ne8 27. Rc8 Nd6 28. Rxd8 Rxd8 29. Qc7 Re8 30. Qxd6 h5 31. Qc7 Rf8 32. Qxe5+ f6
33. Qe7+ Kh8 34. Qxf8+ Kh7 35. h4 g5 36. Qg8+ Kh6 37. Bf7 gxh4 38. Qg6# 1-0

[Event "Ann Arbor (Mini-Swiss/2/2)"]
[Site "?"]
[Date "1996.??.??"]
[Round "?"]
[White "Sobocinski, Mike"]
[Black "Bryan, Jerod"]
[Result "0-1"]
[WhiteElo "1945"]
[BlackElo "2295"]
[PlyCount "68"]
[EventDate "1996.??.??"]

{2/(2)} 1. d4 Nf6 2. c4 c6 3. Nc3 d5 4. e3 e6 5. Bd3 dxc4 6. Bxc4 b5 7. Bb3
Nbd7 8. Nf3 b4 9. Ne2 Bb7 10. O-O c5 11. Ng3 Be7 12. a3 a5 13. axb4 axb4 14.
Rxa8 Qxa8 15. Ne1 O-O 16. f3 cxd4 17. exd4 Rd8 18. Nd3 Ba6 19. Re1 Bxd3 20.
Qxd3 Nc5 21. Qd1 Nxb3 22. Qxb3 Rxd4 23. Nf5 exf5 24. Rxe7 Qd5 25. Qe3 $2 Rd1+
26. Kf2 Qc6 27. Bd2 f4 $1 28. Qxf4 Qc5+ 29. Ke2 Rxd2+ 30. Kxd2 Qxe7 31. Qb8+
Qf8 32. Qb5 h6 33. Kc2 Qd6 34. Kb3 Qxh2 $138 0-1

[Event "Detroit (Beg/2/4)"]
[Site "?"]
[Date "1996.??.??"]
[Round "?"]
[White "Sobh, Tarek"]
[Black "Rodriguez, B."]
[Result "1-0"]
[WhiteElo "1605"]
[BlackElo "1605"]
[PlyCount "47"]
[EventDate "1996.??.??"]

{2/(4)} 1. e4 e5 2. Nf3 Nc6 3. Nc3 Nf6 4. Bc4 Bc5 5. Ng5 O-O 6. h3 h6 7. Nf3 d6
8. d3 a6 9. Nh4 b5 10. Bb3 Bb7 11. Be3 a5 12. Nd5 Na7 13. Nxf6+ Qxf6 14. Qg4 b4
15. Ng6 Rfe8 16. O-O-O Bc8 17. Qg3 Be6 18. Bxe6 Rxe6 19. Nh4 Bxe3+ 20. fxe3 c5
21. b3 Nb5 22. Rhf1 Qe7 23. Nf5 Qd7 24. Qxg7# 1-0

[Event "Lansing (MOR/6/26)"]
[Site "?"]
[Date "1996.??.??"]
[Round "?"]
[White "Sobh, Tarek"]
[Black "Meek, R."]
[Result "1-0"]
[WhiteElo "1605"]
[BlackElo "1605"]
[PlyCount "37"]
[EventDate "1996.??.??"]

{6/(26)} 1. e4 c6 2. Nc3 d5 3. exd5 cxd5 4. d4 Nf6 5. Bd3 e6 6. a3 a6 7. Nf3
Nc6 8. O-O Be7 9. Ne2 O-O 10. Ng3 Bd6 11. Bg5 Bxg3 12. fxg3 h6 13. Bh4 Bd7 14.
c3 Rc8 15. Ne5 g5 16. Nxd7 Nxd7 17. Qh5 Kg7 18. Rxf7+ Rxf7 19. Qg6+ 1-0